[Event "SG Bochum 2 - SV Welper 1"]
[Site "Regionalliga 2018/2019"]
[Date "2019.01.27"]
[Round "6.6"]
[White "Zeldin, Vitali"]
[Black "Schaller, Fabian"]
[Result "1/2-1/2"]
[WhiteElo "1979"]
[BlackElo "1983"]
[PlyCount "121"]
[EventDate "2019.??.??"]

1. e4 e5 2. Nf3 Nf6 3. Nxe5 d6 4. Nf3 Nxe4 5. d4 d5 6. Bd3 Bd6 7. c4 c6 8. Nc3
Nxc3 9. bxc3 h6 10. h3 Nd7 11. O-O O-O 12. Re1 Nf6 13. Ne5 c5 14. Qf3 cxd4 15.
cxd4 Bb4 16. Rd1 Bc3 17. Bh7+ Kxh7 18. Qxc3 dxc4 19. Ba3 Re8 20. Nxf7 Qd5 21.
Nd6 Re2 22. Qxc4 Qxc4 23. Nxc4 Be6 24. Nd6 Bxa2 25. Nxb7 Nd5 26. Nd6 Rf8 27.
Rf1 Rf6 28. Bc5 a5 29. Ne4 Rxe4 30. Rxa2 Nc3 31. Rd2 Re2 32. Rxe2 Nxe2+ 33. Kh2
Nf4 34. Ra1 Nd3 35. f3 Nxc5 36. dxc5 Ra6 37. Rc1 Rc6 38. Kg3 g5 39. Kf2 Kg6 40.
Ke3 Kf5 41. Kd4 Ke6 42. Re1+ Kd7 43. Kc4 Rf6 44. Kb5 a4 45. Ra1 Re6 46. Rxa4
Kc7 47. Ra7+ Kb8 48. Rh7 Kc8 49. c6 Re2 50. Rxh6 Rxg2 51. Rg6 Rf2 52. Kb6 Rb2+
53. Kc5 Rb3 54. Kd6 Rd3+ 55. Ke6 Rxf3 56. Rh6 Kc7 57. Ke5 Rf4 58. Rf6 Rh4 59.
Rf3 g4 60. hxg4 Rxg4 61. Rf6 1/2-1/2

[Event "SG Bochum 2 - SV Welper 1"]
[Site "Regionalliga 2018/2019"]
[Date "2019.01.27"]
[Round "6.7"]
[White "Conrad, Joachim"]
[Black "Fistoul, Boris"]
[Result "1/2-1/2"]
[WhiteElo "1998"]
[BlackElo "1955"]
[PlyCount "73"]
[EventDate "2019.??.??"]

1. d4 e6 2. Nf3 b6 3. g3 Bb7 4. Bg2 f5 5. e3 Nf6 6. O-O Be7 7. b3 O-O 8. Ba3 a5
9. Bxe7 Qxe7 10. c4 d6 11. Nc3 Ne4 12. Rc1 Nxc3 13. Rxc3 Nd7 14. Nd2 Bxg2 15.
Kxg2 e5 16. dxe5 dxe5 17. e4 f4 18. Qe2 Rad8 19. Nf3 g5 20. Ne1 Nc5 21. f3 Rd6
22. Rf2 Rfd8 23. a3 Qd7 24. b4 Nd3 25. Nxd3 Rxd3 26. Rxd3 Qxd3 27. bxa5 bxa5
28. Qb2 Qd4 29. Qb5 g4 30. gxf4 gxf3+ 31. Rxf3 exf4 32. Qg5+ Qg7 33. Qxg7+ Kxg7
34. Rxf4 Rd4 35. Rf5 Rxc4 36. Rxa5 Rxe4 37. Rc5 1/2-1/2

[Event "SG Bochum 2 - SV Welper 1"]
[Site "Regionalliga 2018/2019"]
[Date "2019.01.27"]
[Round "6.8"]
[White "Blome, Simon"]
[Black "Bastians, Felix"]
[Result "0-1"]
[WhiteElo "1879"]
[BlackElo "2088"]
[PlyCount "54"]
[EventDate "2019.??.??"]

1. e4 d6 2. d4 Nf6 3. Bd3 e5 4. c3 Nc6 5. Ne2 d5 6. exd5 Qxd5 7. O-O Be7 8.
dxe5 Nxe5 9. Nf4 Qd6 10. Be2 Bf5 11. Qxd6 Bxd6 12. h3 O-O-O 13. Be3 Rhe8 14.
Nd2 h6 15. Nc4 Nxc4 16. Bxc4 Bxf4 17. Bxf4 Re4 18. Bxh6 gxh6 19. Bxf7 Rd2 20.
b3 c6 21. a4 Re7 22. Bc4 Bd3 23. Bxd3 Rxd3 24. Rac1 Nd5 25. c4 Nf4 26. Rb1 Rg7
27. g3 Nxh3+ 0-1

[Event "SV Bochum-Linden 1 - SV Ahlen 1"]
[Site "Verbandsliga - Gruppe 1 2018/"]
[Date "2019.02.03"]
[Round "6.1"]
[White "Steinle, Carsten"]
[Black "Hahn, Matthias"]
[Result "1/2-1/2"]
[WhiteElo "2129"]
[BlackElo "2052"]
[PlyCount "136"]
[EventDate "2019.??.??"]

1. Nf3 d5 2. g3 Nf6 3. Bg2 g6 4. O-O Bg7 5. d3 O-O 6. Nbd2 d4 7. Nb3 Nc6 8. e3
e5 9. Re1 dxe3 10. Bxe3 Nd5 11. Bg5 f6 12. Bd2 Re8 13. Qc1 Nde7 14. Bh6 Nf5 15.
Bxg7 Kxg7 16. Qd2 Ncd4 17. Nfxd4 Nxd4 18. Nc5 Rb8 19. c3 Nf5 20. Rad1 b6 21.
Ne4 Be6 22. f4 exf4 23. Qxf4 Nd6 24. d4 Bf5 25. Nxd6 Qxd6 26. Qxd6 cxd6 27. Kf2
Bd7 28. c4 Rbc8 29. Bd5 Kf8 30. b4 Bc6 31. Be6 Rc7 32. Rd3 Bd7 33. Bxd7 Rxe1
34. Kxe1 Rxd7 35. Kd2 Rc7 36. Kc3 Re7 37. c5 bxc5 38. dxc5 dxc5 39. bxc5 Re4
40. Rd7 Ra4 41. c6 Ke8 42. Rxh7 Kd8 43. Rf7 Rxa2 44. Rxf6 g5 45. Rh6 Kc7 46.
Kd4 a5 47. Kc5 Rc2+ 48. Kb5 a4 49. Rh7+ Kc8 50. Kxa4 Rxc6 51. Kb3 Kd8 52. Rh5
Rg6 53. Kc4 Ke7 54. Kd5 Kf6 55. g4 Rg8 56. Rh6+ Kg7 57. Rh3 Kg6 58. Rc3 Rd8+
59. Ke4 Re8+ 60. Kf3 Rf8+ 61. Kg3 Rf6 62. Rc8 Kg7 63. h4 gxh4+ 64. Kxh4 Ra6 65.
Kh5 Rb6 66. Rc7+ Kg8 67. g5 Ra6 68. g6 Ra1 1/2-1/2

[Event "SV Bochum-Linden 1 - SV Ahlen 1"]
[Site "Verbandsliga - Gruppe 1 2018/"]
[Date "2019.02.03"]
[Round "6.2"]
[White "Schreck, Roland"]
[Black "Torres-Kuckel, Rafael"]
[Result "1/2-1/2"]
[WhiteElo "2123"]
[BlackElo "2126"]
[PlyCount "51"]
[EventDate "2019.??.??"]

1. Nf3 Nf6 2. e3 g6 3. Be2 Bg7 4. O-O O-O 5. d4 d6 6. c4 Nbd7 7. d5 a5 8. Nc3
Nc5 9. Nd4 e6 10. dxe6 Nxe6 11. Nxe6 Bxe6 12. Nd5 Nd7 13. e4 Nc5 14. f3 f5 15.
Nf4 Bd7 16. Be3 fxe4 17. fxe4 Kh8 18. Bd4 Be5 19. Bxc5 dxc5 20. Nxg6+ hxg6 21.
Rxf8+ Qxf8 22. Qxd7 Qh6 23. Qh3 Qxh3 24. gxh3 Bxb2 25. Rf1 Kg7 26. Bg4 1/2-1/2

[Event "SV Bochum-Linden 1 - SV Ahlen 1"]
[Site "Verbandsliga - Gruppe 1 2018/"]
[Date "2019.02.03"]
[Round "6.3"]
[White "Volesky, Alexander"]
[Black "Schaper, Steffen"]
[Result "1/2-1/2"]
[WhiteElo "2036"]
[BlackElo "1995"]
[PlyCount "94"]
[EventDate "2019.??.??"]

1. d4 d5 2. Bf4 Nf6 3. e3 e6 4. Nf3 Be7 5. Ne5 Nbd7 6. Bd3 c5 7. c3 Qb6 8. Qc2
Nxe5 9. Bxe5 Bd7 10. Nd2 Bb5 11. O-O Bxd3 12. Qxd3 O-O 13. dxc5 Qxc5 14. Nb3
Qb6 15. h3 Rac8 16. Rad1 Ne4 17. Qd4 Qxd4 18. Nxd4 Nc5 19. Rfe1 Rfd8 20. Re2 a6
21. f3 f6 22. Bg3 Kf7 23. Nc2 b5 24. Kf1 Na4 25. Nd4 Nb6 26. Be1 Nc4 27. b3 Nb6
28. Rc2 Bc5 29. Bd2 Rd7 30. Ne2 Rdc7 31. e4 dxe4 32. fxe4 e5 33. Be1 Ke6 34.
Bf2 Bxf2 35. Kxf2 Rd7 36. Rcd2 Rxd2 37. Rxd2 a5 38. g4 a4 39. h4 axb3 40. axb3
Ra8 41. Ke3 g6 42. Nc1 Ra1 43. Nd3 Nd7 44. Nf2 Rc1 45. Nd1 Nc5 46. b4 Na4 47.
Rd3 Rc2 1/2-1/2

[Event "SV Bochum-Linden 1 - SV Ahlen 1"]
[Site "Verbandsliga - Gruppe 1 2018/"]
[Date "2019.02.03"]
[Round "6.4"]
[White "Boehm, Ingo"]
[Black "Volesky, Karl-Heinz"]
[Result "1/2-1/2"]
[WhiteElo "2035"]
[BlackElo "2029"]
[PlyCount "50"]
[EventDate "2019.??.??"]

1. e4 d6 2. d4 Nf6 3. Nc3 e5 4. Nge2 Nbd7 5. g3 c6 6. Bg2 Qc7 7. O-O Be7 8. h3
b5 9. a3 Rb8 10. f4 O-O 11. Be3 a5 12. Qd2 Rd8 13. b3 Bb7 14. g4 b4 15. axb4
axb4 16. Nd1 exd4 17. Nxd4 c5 18. Nf5 Bf8 19. Ng3 d5 20. exd5 Nb6 21. Qf2 Nfxd5
22. Ra7 Ra8 23. Rxa8 Rxa8 24. Ne4 Nxe3 25. Nxe3 Re8 1/2-1/2

[Event "SV Bochum-Linden 1 - SV Ahlen 1"]
[Site "Verbandsliga - Gruppe 1 2018/"]
[Date "2019.02.03"]
[Round "6.5"]
[White "Woestmann, Ulrich"]
[Black "Meyer, Torsten"]
[Result "1/2-1/2"]
[WhiteElo "1967"]
[BlackElo "1937"]
[PlyCount "31"]
[EventDate "2019.??.??"]

1. e4 g6 2. d4 Bg7 3. Nf3 d6 4. c4 Bg4 5. Be2 Nc6 6. Be3 e5 7. d5 Bxf3 8. Bxf3
Nd4 9. Nd2 Ne7 10. Nb3 Nxf3+ 11. Qxf3 f5 12. Bg5 O-O 13. O-O Qe8 14. Bxe7 Qxe7
15. Qe3 Qh4 16. g3 1/2-1/2

[Event "SV Bochum-Linden 1 - SV Ahlen 1"]
[Site "Verbandsliga - Gruppe 1 2018/"]
[Date "2019.02.03"]
[Round "6.6"]
[White "Schmidt, Ralph"]
[Black "Busche, Klaus"]
[Result "0-1"]
[WhiteElo "1884"]
[BlackElo "1927"]
[PlyCount "106"]
[EventDate "2019.??.??"]

1. e4 d5 2. exd5 Nf6 3. Nc3 Nxd5 4. Qf3 Nf6 5. Bb5+ c6 6. Bc4 Nbd7 7. Qg3 Nb6
8. Bb3 g6 9. Nge2 Bg7 10. d3 O-O 11. O-O a5 12. a3 a4 13. Ba2 Nbd5 14. Re1 Re8
15. Qh4 b5 16. Nxd5 Nxd5 17. Nf4 e5 18. Qxd8 Rxd8 19. Nxd5 cxd5 20. Rb1 Be6 21.
f4 Rac8 22. c3 Bf5 23. fxe5 Bxd3 24. Ra1 Be4 25. Bb1 Bxe5 26. Bxe4 dxe4 27.
Rxe4 Rd1+ 28. Kf2 f6 29. g3 Kf7 30. Re1 Rxe1 31. Kxe1 Rxc3 32. Kd1 Rb3 33. Rb1
Ke6 34. Ke2 b4 35. axb4 a3 36. Kd1 axb2 37. Bd2 Ra3 38. b5 Ra1 39. Kc2 Rxb1 40.
Kxb1 Kd5 41. b6 Kc6 42. Be3 g5 43. Kc2 h6 44. Kb1 f5 45. Kc2 f4 46. gxf4 gxf4
47. Bg1 Bf6 48. h3 f3 49. Bf2 Be5 50. Kb1 Kd5 51. b7 Ke4 52. Kc2 Bb8 53. Kxb2
Kd3 0-1

[Event "SV Bochum-Linden 1 - SV Ahlen 1"]
[Site "Verbandsliga - Gruppe 1 2018/"]
[Date "2019.02.03"]
[Round "6.7"]
[White "Starp, Klaus"]
[Black "Hochstein, Udo"]
[Result "0-1"]
[WhiteElo "1906"]
[BlackElo "1893"]
[Annotator "Daniel"]
[PlyCount "102"]
[EventDate "2019.??.??"]

1. e4 c5 2. Nf3 e6 3. d4 cxd4 4. Nxd4 Nf6 5. Nc3 d6 6. Be2 Be7 7. O-O O-O 8.
Be3 a6 9. a4 Nc6 10. Nb3 b6 11. f4 Rb8 12. Bf3 Qc7 13. Qe2 Na5 14. Nd2 Nd7 15.
g4 Bf6 16. Ra3 Be7 17. Raa1 Bb7 18. g5 Rfc8 19. Qf2 Nc4 20. Nxc4 Qxc4 21. Rfd1
Qc6 22. Rd2 Re8 23. Ne2 Nc5 24. Bxc5 $11 bxc5 25. Kg2 Qc7 26. Rad1 Bc6 27. b3
Rb4 28. Qe3 Qb7 29. Ng3 c4 30. Rd4 cxb3 31. Rxb4 Qxb4 32. cxb3 Rb8 33. Rd3 Qb7
34. h4 a5 35. f5 Qb6 36. Qxb6 Rxb6 37. Kf2 Kf8 38. Ke3 Ke8 39. Ne2 h6 40. Kf4
hxg5+ 41. hxg5 Rb4 42. fxe6 fxe6 43. Ng3 d5 44. Re3 Bc5 45. Rc3 Bd6+ 46. Kg4
Kd7 47. Re3 g6 48. Nf1 dxe4 49. Bd1 Bc5 50. Rh3 e3+ 51. Kg3 Bd6# 0-1

[Event "SV Bochum-Linden 1 - SV Ahlen 1"]
[Site "Verbandsliga - Gruppe 1 2018/"]
[Date "2019.02.03"]
[Round "6.8"]
[White "Pappert, Thomas"]
[Black "Dreesbach, Harald"]
[Result "1-0"]
[WhiteElo "1766"]
[BlackElo "1770"]
[PlyCount "105"]
[EventDate "2019.??.??"]

1. c4 Nf6 2. Nc3 d5 3. cxd5 Nxd5 4. g3 e5 5. Bg2 Be6 6. e3 Nc6 7. Nge2 Be7 8.
a3 O-O 9. O-O Qd7 10. d4 Rad8 11. Qc2 exd4 12. Nxd4 Nxd4 13. exd4 c6 14. Be3
Rfe8 15. Rac1 a6 16. Na4 Bf5 17. Qb3 h6 18. Nc5 Bxc5 19. Rxc5 Be4 20. Rcc1 Re7
21. Rce1 Rde8 22. Bd2 Nf6 23. Bb4 Bd5 24. Bxd5 Rxe1 25. Bxf7+ Qxf7 26. Qxf7+
Kxf7 27. Rxe1 Rxe1+ 28. Bxe1 Ke6 29. f3 Kd5 30. Bc3 Kc4 31. Bb4 Kxd4 32. Bf8
Ne8 33. Kf2 Kc4 34. Bb4 c5 35. Bc3 b5 36. Ke3 b4 37. axb4 cxb4 38. Be5 a5 39.
Ke4 a4 40. h4 a3 41. bxa3 bxa3 42. Kf5 a2 43. Kg6 Kb3 44. g4 Nd6 45. Bxg7 Nc4
46. Ba1 Kc2 47. g5 hxg5 48. h5 Kb1 49. h6 Kxa1 50. h7 Ne5+ 51. Kf6 Kb1 52. h8=Q
a1=Q 53. Qh1+ 1-0

[Event "SV Bottrop 1 - SV Erkenschwick 2"]
[Site "Verbandsliga - Gruppe 1 2018/"]
[Date "2019.02.03"]
[Round "6.2"]
[White "Boehm, Joachim"]
[Black "Jungbluth, Rolf"]
[Result "1-0"]
[WhiteElo "2172"]
[BlackElo "1954"]
[Annotator "Daniel"]
[PlyCount "107"]
[EventDate "2019.??.??"]

1. d4 d5 2. Bf4 Nf6 3. e3 Bf5 4. c4 c6 5. Nc3 Qb6 6. Qb3 Na6 7. c5 Qxb3 8. axb3
Nb4 9. Kd2 Nd7 10. Ra4 a5 11. Bc7 Na6 12. Bxa6 Rxa6 13. Rxa5 Rxa5 14. Bxa5 e5
15. Nge2 Be7 16. Bc7 O-O 17. b4 f6 18. b5 Ra8 19. Nc1 Nf8 20. Nb3 Ne6 21. Bb6
Kf7 $11 22. bxc6 bxc6 23. Ne2 Ra4 24. Ba5 g5 25. Ra1 Rc4 26. Bc3 Bxc5 27. dxc5
Nxc5 28. Nxc5 Rxc5 29. Ra5 Rxa5 30. Bxa5 Bc8 31. f3 Ke6 32. Bd8 Ba6 33. Ng3 c5
34. Nh5 d4 35. Nxf6 h6 36. exd4 exd4 37. Ne4 Kd5 38. Be7 Bf1 39. g3 g4 40. Nf6+
Ke6 41. Bxc5 Kxf6 42. Bxd4+ Kf5 43. Ke3 gxf3 44. Kxf3 h5 45. Bb6 Bb5 46. Bd8
Bc6+ 47. Ke3 Kg4 48. Kd4 Kh3 49. Kc5 Bf3 50. b4 Kxh2 51. Bh4 Kh3 52. b5 Kg4 53.
Kd6 Kf5 54. b6 1-0

[Event "SV Bottrop 1 - SV Erkenschwick 2"]
[Site "Verbandsliga - Gruppe 1 2018/"]
[Date "2019.02.03"]
[Round "6.3"]
[White "Broszeit, Peter"]
[Black "Mohrholz, Uwe"]
[Result "0-1"]
[WhiteElo "1914"]
[BlackElo "1977"]
[PlyCount "54"]
[EventDate "2019.??.??"]

1. Nf3 d5 2. g3 Nf6 3. Bg2 Nbd7 4. d4 c6 5. O-O e6 6. Bf4 Be7 7. Nbd2 Nh5 8. c4
Nxf4 9. gxf4 Bd6 10. e3 Qe7 11. Qc2 O-O 12. c5 Bc7 13. b4 f6 14. a4 e5 15. fxe5
fxe5 16. e4 exd4 17. exd5 cxd5 18. Qd3 Rf4 19. Rae1 Qf6 20. Re8+ Nf8 21. Rfe1
Bf5 22. Qb5 Rxe8 23. Qxe8 Be4 24. Nxe4 dxe4 25. Rxe4 Rxf3 26. Bxf3 Qxf3 27. Qe7
d3 0-1

[Event "SV Bottrop 1 - SV Erkenschwick 2"]
[Site "Verbandsliga - Gruppe 1 2018/"]
[Date "2019.02.03"]
[Round "6.4"]
[White "Nowak, Steven"]
[Black "Schulze Bisping, Franz-Adolf"]
[Result "1/2-1/2"]
[WhiteElo "1911"]
[BlackElo "1915"]
[PlyCount "58"]
[EventDate "2019.??.??"]

1. Nf3 e6 2. g3 b6 3. Bg2 Bb7 4. O-O f5 5. d3 Nf6 6. Nc3 Be7 7. Re1 Bb4 8. a3
Bxc3 9. bxc3 O-O 10. c4 c5 11. a4 Qc8 12. a5 d6 13. axb6 axb6 14. Rxa8 Bxa8 15.
Bb2 e5 16. Qd2 Nc6 17. Nh4 Ne7 18. Ra1 Bxg2 19. Nxg2 Qb7 20. Qc3 Ra8 21. Rxa8+
Qxa8 22. Qb3 Qa6 23. h3 Kf7 24. Ne3 Nd7 25. Nd1 Nc6 26. Ne3 Ne7 27. Nd1 Nc6 28.
Ne3 Ne7 29. Nd1 Nc6 1/2-1/2

[Event "SV Bottrop 1 - SV Erkenschwick 2"]
[Site "Verbandsliga - Gruppe 1 2018/"]
[Date "2019.02.03"]
[Round "6.5"]
[White "Broksch, Dirk"]
[Black "Masberg, Stefan"]
[Result "1/2-1/2"]
[WhiteElo "1847"]
[BlackElo "1933"]
[PlyCount "30"]
[EventDate "2019.??.??"]

1. d4 Nf6 2. Nf3 e6 3. Bf4 Be7 4. e3 O-O 5. Be2 b6 6. O-O Bb7 7. h3 d5 8. Nbd2
Nbd7 9. c4 c5 10. cxd5 Nxd5 11. Bh2 a6 12. Rc1 Rc8 13. Nb3 b5 14. dxc5 Nxc5 15.
Nbd4 Bd6 1/2-1/2

[Event "SV Bottrop 1 - SV Erkenschwick 2"]
[Site "Verbandsliga - Gruppe 1 2018/"]
[Date "2019.02.03"]
[Round "6.6"]
[White "Jaeger, Heinz"]
[Black "Strohmann, Marcel"]
[Result "1/2-1/2"]
[WhiteElo "1966"]
[BlackElo "1844"]
[PlyCount "37"]
[EventDate "2019.??.??"]

1. d4 Nf6 2. Bg5 d5 3. Nf3 Ne4 4. Bf4 e6 5. e3 Bd6 6. Bg3 c5 7. c3 Nxg3 8. hxg3
c4 9. Nbd2 b5 10. e4 Nc6 11. Qc2 h6 12. Be2 Bd7 13. Nh2 b4 14. Ng4 bxc3 15.
bxc3 Rb8 16. Ne3 Ne7 17. exd5 exd5 18. O-O Qa5 19. Bg4 1/2-1/2

[Event "SV Bottrop 1 - SV Erkenschwick 2"]
[Site "Verbandsliga - Gruppe 1 2018/"]
[Date "2019.02.03"]
[Round "6.7"]
[White "Stoetzel, Martin"]
[Black "Huestegge, Ulrich"]
[Result "0-1"]
[WhiteElo "1756"]
[BlackElo "1826"]
[PlyCount "40"]
[EventDate "2019.??.??"]

1. e4 e5 2. Nf3 Nc6 3. Bb5 d6 4. d4 exd4 5. Nxd4 Bd7 6. Nxc6 bxc6 7. Bc4 Nf6 8.
Nc3 Be7 9. O-O O-O 10. f4 d5 11. exd5 Bc5+ 12. Kh1 Ng4 13. Qe1 cxd5 14. Bd3 f5
15. Bd2 Qf6 16. Qg3 Rae8 17. h3 Qh6 18. Nxd5 Bc6 19. Bb4 Bxb4 20. Nxb4 Re3 0-1

[Event "SG Bochum 3 - SV Rot-Weiß-Altenessen 1"]
[Site "Verbandsliga - Gruppe 1 2018/"]
[Date "2019.02.03"]
[Round "6.2"]
[White "Koellner, Aaron Noah"]
[Black "Kordonowski, Frank"]
[Result "1-0"]
[WhiteElo "2073"]
[BlackElo "2002"]
[PlyCount "107"]
[EventDate "2019.??.??"]

1. d4 Nf6 2. Bg5 Ne4 3. Bf4 c5 4. f3 Nf6 5. d5 d6 6. e4 g6 7. c3 Bg7 8. Nd2 O-O
9. a4 Na6 10. Nc4 Nc7 11. h4 Nh5 12. Bh2 f5 13. Ne2 fxe4 14. fxe4 Nf6 15. Qd3
b6 16. Nf4 Ng4 17. Bg3 Ba6 18. Qd1 Nf6 19. Qc2 Bh6 20. Nh3 Qd7 21. Nf2 Ng4 22.
Be2 Nxf2 23. Bxf2 Bxc4 24. Bxc4 Qg4 25. O-O Rf4 26. Be2 Qd7 27. Bg3 Rxf1+ 28.
Rxf1 Rf8 29. Rxf8+ Kxf8 30. Qd1 Be3+ 31. Kh2 h5 32. Bxh5 gxh5 33. Qf3+ Ke8 34.
Qxe3 Qxa4 35. Qf3 Kd7 36. e5 Qc4 37. Qf5+ Kd8 38. exd6 Nxd5 39. dxe7+ Nxe7 40.
Qxh5 Qe4 41. Qe5 Qxe5 42. Bxe5 Kd7 43. Kh3 Ke6 44. Bb8 a5 45. h5 a4 46. c4 Nc6
47. Bc7 Na5 48. Bxb6 Nxc4 49. Bxc5 Nxb2 50. g4 Nd3 51. Ba3 Ke5 52. Kh4 Ne1 53.
Bb2+ Ke6 54. h6 1-0

[Event "SG Bochum 3 - SV Rot-Weiß-Altenessen 1"]
[Site "Verbandsliga - Gruppe 1 2018/"]
[Date "2019.02.03"]
[Round "6.3"]
[White "Birdaini, Becir"]
[Black "Fistoul, Boris"]
[Result "0-1"]
[WhiteElo "2043"]
[BlackElo "1955"]
[PlyCount "78"]
[EventDate "2019.??.??"]

1. e4 b6 2. d4 Bb7 3. Bd3 e6 4. c3 c5 5. Nf3 Nf6 6. Qe2 Be7 7. O-O O-O 8. a3 d6
9. Re1 Re8 10. Nbd2 cxd4 11. cxd4 Nc6 12. Nf1 a6 13. Ng3 b5 14. Bd2 Rc8 15. h3
Qc7 16. Rac1 Qb8 17. b4 Qa8 18. Kh2 Bd8 19. Rc2 Qa7 20. Be3 Bb6 21. e5 dxe5 22.
dxe5 Bxe3 23. fxe3 Nd7 24. Bxh7+ Kxh7 25. Ng5+ Kg8 26. Qh5 Ncxe5 27. Qh7+ Kf8
28. Rxc8 Rxc8 29. Qh8+ Ke7 30. Qxg7 Rc2 31. e4 Qf2 32. Rg1 Nf6 33. Qh8 Nf3+ 34.
Nxf3 Qxf3 35. Qh4 Bxe4 36. Nxe4 Qxe4 37. Qh6 Qe5+ 38. Kh1 Ne4 39. Qh4+ Ke8 0-1

[Event "SG Bochum 3 - SV Rot-Weiß-Altenessen 1"]
[Site "Verbandsliga - Gruppe 1 2018/"]
[Date "2019.02.03"]
[Round "6.4"]
[White "Finke, Dominik"]
[Black "Cavasin, Joerg"]
[Result "1/2-1/2"]
[WhiteElo "1999"]
[BlackElo "1923"]
[PlyCount "40"]
[EventDate "2019.??.??"]

1. c4 e5 2. g3 Nf6 3. Bg2 Bc5 4. Nc3 O-O 5. d3 h6 6. Nf3 Nc6 7. O-O d6 8. a3 a5
9. Bd2 Be6 10. Ne1 Qd7 11. Nc2 Bh3 12. Ne3 Bxg2 13. Kxg2 Ne7 14. Ned5 Nfxd5 15.
cxd5 f5 16. f4 Ng6 17. e4 exf4 18. Bxf4 Bd4 19. Qa4 Qxa4 20. Nxa4 Rae8 1/2-1/2

[Event "SG Bochum 3 - SV Rot-Weiß-Altenessen 1"]
[Site "Verbandsliga - Gruppe 1 2018/"]
[Date "2019.02.03"]
[Round "6.6"]
[White "Stachnik, Adam"]
[Black "Avgustin, Thomas"]
[Result "1/2-1/2"]
[WhiteElo "1785"]
[BlackElo "1738"]
[PlyCount "67"]
[EventDate "2019.??.??"]

1. e4 c5 2. d4 cxd4 3. c3 d5 4. Qxd4 dxe4 5. Qxe4 Nc6 6. Bb5 Bd7 7. Nf3 Nf6 8.
Qe2 g6 9. O-O Bg7 10. Bf4 O-O 11. Rd1 Qb6 12. Rd2 Bg4 13. Na3 e5 14. Be3 Qc7
15. h3 Bxf3 16. Qxf3 e4 17. Qe2 a6 18. Ba4 b5 19. Bb3 Rfd8 20. Rad1 Rxd2 21.
Rxd2 Rd8 22. Nb1 Qe7 23. a4 bxa4 24. Bxa4 Rxd2 25. Nxd2 Qb7 26. Bxc6 Qxc6 27.
Bd4 Qb7 28. Bxf6 Bxf6 29. Nxe4 Be7 30. b4 Qc6 31. Qd3 Kg7 32. Qd4+ f6 33. Nd2
Bd6 34. Nf3 1/2-1/2

[Event "SG Bochum 3 - SV Rot-Weiß-Altenessen 1"]
[Site "Verbandsliga - Gruppe 1 2018/"]
[Date "2019.02.03"]
[Round "6.7"]
[White "Metzner, Carsten"]
[Black "Butschek, Gerhard"]
[Result "1/2-1/2"]
[WhiteElo "1831"]
[BlackElo "1680"]
[PlyCount "28"]
[EventDate "2019.??.??"]

1. d4 b6 2. c4 Bb7 3. Nc3 Nf6 4. f3 e6 5. a3 d5 6. Bg5 Be7 7. Bxf6 Bxf6 8. e3
Bh4+ 9. g3 Bf6 10. cxd5 Bxd5 11. Nxd5 Qxd5 12. Bg2 O-O 13. Ne2 Nd7 14. O-O Rad8
1/2-1/2

[Event "SG Bochum 3 - SV Rot-Weiß-Altenessen 1"]
[Site "Verbandsliga - Gruppe 1 2018/"]
[Date "2019.02.03"]
[Round "6.8"]
[White "Mazarov, Paul"]
[Black "Drawe, Thomas"]
[Result "0-1"]
[WhiteElo "1648"]
[BlackElo "1830"]
[PlyCount "106"]
[EventDate "2019.??.??"]

1. e4 d6 2. d4 Nf6 3. Nc3 c6 4. Bd3 e5 5. dxe5 dxe5 6. Nf3 Qc7 7. O-O Be7 8. h3
h6 9. Be3 Be6 10. a3 Nbd7 11. Qd2 g5 12. b4 Nh5 13. b5 Nf4 14. bxc6 bxc6 15.
Nh2 h5 16. f3 f6 17. a4 Kf7 18. Ne2 Rab8 19. Rfb1 Bc5 20. Bxc5 Nxc5 21. Rxb8
Rxb8 22. Nxf4 gxf4 23. Qc3 Qb6 24. a5 Qb2 25. Qe1 Qd4+ 26. Kh1 Nxd3 27. cxd3
Qxd3 28. Rc1 Bc4 29. Rd1 Qe2 30. Qg1 Ke6 31. Re1 Qd2 32. Ra1 Qd4 33. Qe1 Rb2
34. Rc1 Bb5 35. Rd1 Qf2 36. Qxf2 Rxf2 37. Ra1 a6 38. Kg1 Rd2 39. Nf1 Bxf1 40.
Kxf1 Kd6 41. Rb1 Ra2 42. Rb8 Rxa5 43. Rh8 Rb5 44. Rxh5 Rb8 45. Rh7 Ra8 46. Kf2
a5 47. Rb7 a4 48. h4 a3 49. Rb1 a2 50. Ra1 Kc5 51. g3 Kb4 52. gxf4 exf4 53. h5
Kb3 0-1

[Event "SV Königsspringer Hamm 1-SK Sodingen  C"]
[Site "Verbandsliga - Gruppe 1 2018/"]
[Date "2019.02.03"]
[Round "6.1"]
[White "Ribbeheger, Edgar"]
[Black "Frombach, Ralf"]
[Result "1/2-1/2"]
[WhiteElo "2005"]
[BlackElo "2177"]
[PlyCount "125"]
[EventDate "2019.??.??"]

1. c4 Nf6 2. Nc3 e6 3. g3 d5 4. cxd5 exd5 5. d4 c6 6. Bg2 Bf5 7. Nf3 Bd6 8. O-O
h6 9. Nd2 O-O 10. e4 dxe4 11. Ndxe4 Nxe4 12. Nxe4 Bb4 13. a3 Re8 14. Nc5 Bxc5
15. dxc5 Qxd1 16. Rxd1 Bc2 17. Rf1 Bd3 18. Rd1 Bc2 19. Rd6 Re1+ 20. Bf1 Nd7 21.
b4 Bf5 22. Bb2 Rxa1 23. Bxa1 a5 24. b5 Nxc5 25. bxc6 bxc6 26. Rxc6 Nb3 27. Bc3
Rd8 28. f3 Rd1 29. Kf2 Rc1 30. g4 Be6 31. Bd3 Kf8 32. Rc7 Rh1 33. Kg2 Rd1 34.
Bc2 Rd8 35. a4 Nd4 36. Be4 Nb3 37. Ra7 Nc5 38. Bxa5 Rb8 39. Bc6 Kg8 40. Bc7
Rb2+ 41. Kg3 Ra2 42. a5 Bc4 43. Bd6 Nd3 44. Be4 g5 45. Ra8+ Kg7 46. Rd8 Nf4 47.
Be5+ f6 48. Rd7+ Kg8 49. Bxf4 gxf4+ 50. Kxf4 Rxa5 51. Bh7+ Kf8 52. h4 Be6 53.
Rc7 Bf7 54. Rc8+ Kg7 55. Be4 Bg8 56. Rc7+ Kf8 57. h5 Rb5 58. Ke3 Ra5 59. Kd4
Ra4+ 60. Kc5 Rc4+ 61. Kd6 Rxc7 62. Kxc7 Ke7 63. Kc6 1/2-1/2

[Event "SV Königsspringer Hamm 1-SK Sodingen  C"]
[Site "Verbandsliga - Gruppe 1 2018/"]
[Date "2019.02.03"]
[Round "6.2"]
[White "Happel, Heiner"]
[Black "Haberhausen, Ansgar"]
[Result "1-0"]
[WhiteElo "2168"]
[BlackElo "2002"]
[PlyCount "95"]
[EventDate "2019.??.??"]

1. c4 e6 2. Nf3 d5 3. g3 Nf6 4. Bg2 c6 5. b3 Nbd7 6. Bb2 g6 7. O-O Bg7 8. Nc3
O-O 9. d4 Re8 10. Qc2 Qe7 11. Rad1 Nb6 12. Ne5 Nfd7 13. Nxd7 Bxd7 14. c5 Nc8
15. e4 dxe4 16. Nxe4 f5 17. Nd2 Qf8 18. Nc4 Ne7 19. Nd6 Reb8 20. b4 Nd5 21.
Bxd5 exd5 22. Rfe1 b6 23. Bc1 bxc5 24. bxc5 Bf6 25. Bf4 Rb4 26. Be5 Rab8 27.
Rb1 Bxe5 28. dxe5 Be6 29. Rxb4 Rxb4 30. a3 Rb8 31. Qa4 Qe7 32. Qxc6 f4 33. Qa4
fxg3 34. hxg3 Qg5 35. Qxa7 Rb2 36. Ne8 Bf7 37. Nf6+ Kg7 38. c6 Rc2 39. Ne8+ Kf8
40. Nd6 Be6 41. Qxh7 Rxc6 42. Qh8+ Bg8 43. e6 Rc7 44. Nb5 Rh7 45. Qc3 Re7 46.
Nd4 Qf6 47. Qe3 Kg7 48. Kg2 1-0

[Event "SV Königsspringer Hamm 1-SK Sodingen  C"]
[Site "Verbandsliga - Gruppe 1 2018/"]
[Date "2019.02.03"]
[Round "6.3"]
[White "Schriewer, Thomas"]
[Black "Dargel, Manuel"]
[Result "0-1"]
[WhiteElo "1907"]
[BlackElo "2119"]
[Annotator "Daniel"]
[PlyCount "118"]
[EventDate "2019.??.??"]

1. d4 e6 2. Bf4 b6 3. e3 Bb7 4. Nf3 d6 5. c4 Nd7 6. Nc3 Ngf6 7. h3 Be7 8. Be2
a6 9. O-O Ne4 10. Nxe4 Bxe4 11. Nd2 Bb7 12. Bf3 Ra7 13. Qa4 Qa8 14. Qc2 O-O 15.
Bxb7 Qxb7 16. Nf3 Rc8 17. Rfd1 Nf6 18. Rac1 Ne4 19. d5 Nc5 20. b4 Nd7 21. Nd4
Bf6 22. dxe6 fxe6 23. Nxe6 Re8 24. Nd4 Raa8 25. Nf5 Re6 26. Qd3 Rae8 27. Qd5
Qa8 28. Qxa8 Rxa8 29. g4 a5 30. b5 Rf8 31. Kg2 g6 32. Nh6+ Kg7 33. g5 Be5 34.
Bxe5+ Rxe5 35. Rd5 Re4 36. Ng4 Re7 37. Rcd1 Nc5 38. Nf6 Ne6 39. h4 h5 40. R5d2
Nc5 41. Rd4 Ref7 42. Rf4 Re7 43. Nd5 Ref7 44. Rxf7+ Rxf7 45. Rd4 a4 46. f4 Kf8
47. Kf3 Ke8 48. Nf6+ Kf8 49. e4 Re7 50. Rd2 Ne6 51. f5 gxf5 52. exf5 Ng7 53.
Nh7+ Kg8 54. f6 Re5 55. g6 Ne6 56. Rd5 Re1 57. Rd2 Rg1 58. f7+ Kg7 59. Re2 Kxg6
{ZAo} 0-1

[Event "SV Königsspringer Hamm 1-SK Sodingen  C"]
[Site "Verbandsliga - Gruppe 1 2018/"]
[Date "2019.02.03"]
[Round "6.4"]
[White "PrueÃŸ, Wilfried"]
[Black "Evertz, Dieter"]
[Result "1-0"]
[WhiteElo "2052"]
[BlackElo "1925"]
[PlyCount "45"]
[EventDate "2019.??.??"]

1. d4 f5 2. g3 Nf6 3. Bg2 g6 4. Nf3 Bg7 5. O-O d6 6. c3 c6 7. Nbd2 Qc7 8. Qb3
e5 9. dxe5 dxe5 10. Nc4 Ne4 11. Ng5 Nxg5 12. Bxg5 Be6 13. Nd6+ Qxd6 14. Qxb7
Qd7 15. Qxa8 O-O 16. Be3 f4 17. Bc5 Rc8 18. Qxa7 Qd2 19. e3 Qe2 20. Rae1 Qh5
21. exf4 Bc4 22. fxe5 Bxf1 23. e6 1-0